000 00498nam a2200181Ia 4500
003 OSt
005 20250207130147.0
008 210210b1974 xxu||||| |||| 00| 0 eng d
040 _cal
082 _aK894.7 SURS
100 _aSURYANARAYANA CHADAGA.
_dಸೂರ್ಯನಾರಾಯಣ ಚಡಗ
_9198350
245 _aSuhasa.
_bಸುಹಾಸ
260 _aBengaluru
_bNandana Prakashana
_c1974
300 _axvi,1120
690 _aKannada Humour
_9198351
906 _a032766
942 _2ddc
_cBK
999 _c83760
_d83760